| 000 | 00942cam a2200253 a 4500 | ||
|---|---|---|---|
| 005 | 20180803165237.0 | ||
| 008 | 861222s1987 enka b 001 0 eng | ||
| 020 | _a0521331102 | ||
| 040 |
_aDLC _cDLC _dDLC _dCO-BoIAVH |
||
| 041 | 0 | _aeng | |
| 044 | _aenk | ||
| 082 | 0 | 4 |
_a333.9516 _bJ82r |
| 245 | 0 | 0 |
_aRestoration ecology : _ba synthetic approach to ecological research / _ceditado por William R. Jordan III, Michael E. Gilpin, John D. Aber. |
| 260 |
_aCambridge [Cambridgeshire] ; _aNew York : _bCambridge University Press, _c1987. |
||
| 300 |
_aviii, 342 páginas : _bilustraciones ; _c23 cm. |
||
| 504 | _aIncluye bibliografías e índices. | ||
| 650 | 0 | _aRestauración ecológica. | |
| 650 | 0 | _aRecuperación de tierras. | |
| 650 | 0 | _aConservación Natural. | |
| 700 | 1 |
_aJordan, William R., _d1944- |
|
| 700 | 1 |
_aGilpin, Michael E., _d1943- |
|
| 700 | 1 | _aAber, John D. | |
| 942 |
_2ddc _cLIBRO |
||
| 999 |
_c5031 _d5031 |
||